[Event "FIDE World Rapid Team"]
[Site "Almaty KAZ"]
[Date "2024.08.04"]
[Round "10.35"]
[White "Kim, Kristina"]
[Black "Martynov, Aleksandr"]
[Result "1-0"]
[WhiteTitle "WCM"]
[WhiteElo "1943"]
[BlackElo "1828"]
[WhiteTeam "Storm of Dragons"]
[BlackTeam "FIDE Management Board"]
[WhiteFideId "13712438"]
[BlackFideId "34196266"]
[EventDate "2024.08.02"]

1. d4 Nf6 2. Nf3 e6 3. Bf4 b6 4. e3 Bb7 5. Bd3 Be7 6. Qe2 Ne4 7. Nbd2 d5 8. h4
Nd7 9. h5 h6 10. Ne5 a6 11. Qg4 Bf6 12. Ndf3 Qe7 13. Nxd7 Qxd7 14. Ne5 Qe7 15.
c3 Nd6 16. Qe2 c5 17. Ng4 Ne4 18. O-O b5 19. f3 c4 20. fxe4 cxd3 21. Qxd3 dxe4
22. Qd1 Bg5 23. Ne5 Bf6 24. a4 Bxe5 25. Bxe5 f6 26. Bg3 O-O 27. Qg4 f5 28. Qe2
Bd5 29. axb5 axb5 30. Qxb5 Qg5 31. Bf4 Qxh5 32. c4 Qe2 33. Rac1 Ra2 34. Rf2 Qd3
35. Qb4 Rc8 36. c5 Qa6 37. Be5 Qb7 38. Qxb7 Bxb7 39. b4 Rxf2 40. Kxf2 Bc6 41.
Ra1 g5 42. Ra7 f4 43. exf4 e3+ 44. Kxe3 Bxg2 45. fxg5 hxg5 46. b5 Ra8 47. Rg7+
Kf8 48. Rxg5 Bd5 49. Bd6+ Kf7 50. c6 Ra5 51. c7 Bb7 52. Rh5 Ke8 53. Rh8+ Kd7 54.
Rd8# 1-0

[Event "FIDE World Rapid Team"]
[Site "Almaty KAZ"]
[Date "2024.08.04"]
[Round "10.36"]
[White "Musauly, Nurali"]
[Black "Kertaev, Natan"]
[Result "0-1"]
[WhiteElo "1816"]
[BlackElo "1828"]
[WhiteTeam "FIDE Management Board"]
[BlackTeam "Storm of Dragons"]
[WhiteFideId "447000678"]
[BlackFideId "13711555"]
[EventDate "2024.08.02"]

1. Nf3 Nf6 2. c4 e6 3. Nc3 b6 4. e4 d6 5. d3 c5 6. g3 Bb7 7. Bg2 Be7 8. O-O O-O
9. h3 Nc6 10. Ne1 Nd4 11. f4 Ne8 12. Nc2 Nc7 13. Nxd4 cxd4 14. Ne2 e5 15. g4 a6
16. b3 b5 17. f5 Bg5 18. Ng3 Bxc1 19. Qxc1 Qh4 20. Kh2 Rfc8 21. Qd2 a5 22. Rf2
f6 23. Rff1 h6 24. Rfc1 Qg5 25. Qxg5 hxg5 26. Nf1 bxc4 27. bxc4 Na6 28. Nd2 Nc5
29. Bf1 Bc6 30. Rab1 Rcb8 31. Kg3 Rb4 32. a3 Rbb8 33. Kf2 Kf7 34. Kg3 Ke7 35.
Kf2 Kd7 36. Ke1 Kc7 37. Nf3 Ba4 0-1

[Event "FIDE World Rapid Team"]
[Site "Almaty KAZ"]
[Date "2024.08.04"]
[Round "10.37"]
[White "Aitbayev, Aslan"]
[Black "Gurel, Ediz"]
[Result "0-1"]
[WhiteTitle "IM"]
[BlackTitle "GM"]
[WhiteElo "2380"]
[BlackElo "2602"]
[WhiteTeam "Astana-2"]
[BlackTeam "Rookies"]
[WhiteFideId "13704613"]
[BlackFideId "44507356"]
[EventDate "2024.08.02"]

1. e4 c5 2. Nf3 e6 3. g3 Nc6 4. Bg2 Nf6 5. Qe2 d5 6. exd5 Nxd5 7. O-O Be7 8. Rd1
O-O 9. d4 cxd4 10. Nxd4 Qb6 11. Nb3 Nf6 12. Be3 Qc7 13. Nc3 e5 14. Bg5 Bg4 15.
Bf3 Bxf3 16. Qxf3 Qc8 17. Bxf6 Bxf6 18. Nd5 Bd8 19. Ne3 Bb6 20. Nd5 Bd8 21. Ne3
Bb6 22. Nd5 Qe6 23. Nxb6 axb6 24. c3 h6 25. Qd5 Qg6 26. Qd6 Qh5 27. Re1 f5 28.
Nd2 Rad8 29. Qe6+ Kh8 30. Nf1 e4 31. h4 Rde8 32. Qd5 Ne5 33. Nh2 f4 34. Kg2 fxg3
35. fxg3 Rf2+ 36. Kxf2 Ng4+ 37. Nxg4 Qxd5 0-1

[Event "FIDE World Rapid Team"]
[Site "Almaty KAZ"]
[Date "2024.08.04"]
[Round "10.38"]
[White "Zemlyanskii, Ivan"]
[Black "Akhmetov, Ayan"]
[Result "0-1"]
[WhiteTitle "FM"]
[BlackTitle "IM"]
[WhiteElo "2543"]
[BlackElo "2380"]
[WhiteTeam "Rookies"]
[BlackTeam "Astana-2"]
[WhiteFideId "24249971"]
[BlackFideId "13703706"]
[EventDate "2024.08.02"]

1. d4 d6 2. Nf3 Bg4 3. e4 Nf6 4. Nc3 e6 5. h3 Bh5 6. Qe2 a6 7. g4 Bg6 8. h4 h5
9. g5 Nfd7 10. d5 Be7 11. dxe6 fxe6 12. Nd4 Nc5 13. Bh3 e5 14. Nf5 O-O 15. Be3
b5 16. O-O-O Qe8 17. Bxc5 dxc5 18. Nxe7+ Qxe7 19. Nd5 Qf7 20. Qe3 c6 21. Nb6 Ra7
22. Qxc5 Qxa2 23. Nc8 Raf7 24. Ne7+ Rxe7 25. Qxe7 Qa1+ 26. Kd2 Qxb2 27. Qe6+ Kh7
28. Qb3 Qd4+ 29. Kc1 Qxe4 30. Rhe1 Qxh4 31. Qg3 Qa4 32. Qb3 Qa1+ 33. Qb1 Qa3+
34. Qb2 Qxh3 35. Qxe5 Rxf2 36. Re2 Qa3+ 37. Kb1 Rf3 38. Re4 a5 39. Rde1 Nd7 40.
Qe7 Nc5 41. R4e3 Qb4+ 42. Kc1 Qc4 43. R1e2 Rf1+ 44. Kb2 Na4+ 0-1

[Event "FIDE World Rapid Team"]
[Site "Almaty KAZ"]
[Date "2024.08.04"]
[Round "10.39"]
[White "Akhmedinov, Satbek"]
[Black "Shogdzhiev, Roman"]
[Result "0-1"]
[WhiteTitle "FM"]
[BlackTitle "CM"]
[WhiteElo "2379"]
[BlackElo "2124"]
[WhiteTeam "Astana-2"]
[BlackTeam "Rookies"]
[WhiteFideId "13714287"]
[BlackFideId "55653537"]
[EventDate "2024.08.02"]

1. e4 c5 2. Nf3 d6 3. d4 cxd4 4. Qxd4 Nc6 5. Qd3 Nf6 6. Nc3 a6 7. Be2 e6 8. Bf4
Be7 9. Rd1 d5 10. exd5 Nb4 11. Qd2 Nbxd5 12. Nxd5 Qxd5 13. Qc3 Qxa2 14. O-O O-O
15. Qc7 Re8 16. Ra1 Qd5 17. Rfd1 Qc5 18. Qxc5 Bxc5 19. Bb5 Rf8 20. Ra4 Ra7 21.
Bb8 Ra8 22. Bg3 Nd5 23. Raa1 Ra7 24. Bb8 Ra8 25. Bg3 Nb4 26. c3 Nd5 27. Bc4 Nb6
28. Be2 Be7 29. c4 Nd7 30. Ra2 Nc5 31. Bd6 Bxd6 32. Rxd6 Re8 33. Ra5 Ne4 34. Rd4
b6 35. Ra3 Nf6 36. Rd6 Rb8 37. Rb3 Nd7 38. Nd4 Kf8 39. Nc6 Rb7 40. Rh3 h6 41. f4
Rc7 42. b4 e5 43. Re3 exf4 44. Rxe8+ Kxe8 45. Nd4 Ne5 46. Rxb6 Nxc4 47. Rb8 Ke7
48. b5 axb5 49. Nxb5 Rc5 50. Nd4 Bd7 51. Rb7 Ne5 52. Kf2 Rd5 53. Nb3 Kf6 54.
Rb6+ Be6 55. h4 g5 56. hxg5+ hxg5 57. Bf3 Nxf3 58. gxf3 Ke5 59. Rb4 f5 60. Ke2
Rd8 61. Nc1 Rh8 62. Nd3+ Kf6 63. Rb6 Rh2+ 64. Kf1 Rc2 65. Ke1 Ke7 66. Ne5 Bd5
67. Ng6+ Kf7 68. Ne5+ Ke7 69. Ng6+ Ke8 70. Ne5 Rc3 71. Kd2 Re3 72. Ng6 Bxf3 73.
Rf6 Be4 74. Rf8+ Kd7 75. Rg8 Ke6 76. Rb8 Rd3+ 77. Ke1 Rd6 78. Rb5 Kf6 79. Nf8
Kg7 80. Rb8 g4 81. Re8 g3 82. Ne6+ Kf7 83. Nc7 g2 0-1

[Event "FIDE World Rapid Team"]
[Site "Almaty KAZ"]
[Date "2024.08.04"]
[Round "10.40"]
[White "Bivol, Alina"]
[Black "Nugumanov, Bakhtiyar"]
[Result "1/2-1/2"]
[WhiteTitle "IM"]
[BlackTitle "IM"]
[WhiteElo "2345"]
[BlackElo "2288"]
[WhiteTeam "Rookies"]
[BlackTeam "Astana-2"]
[WhiteFideId "4100123"]
[BlackFideId "13701797"]
[EventDate "2024.08.02"]

1. e4 e5 2. Nf3 Nc6 3. Nc3 Nf6 4. h3 d6 5. d4 exd4 6. Nxd4 Be7 7. Be3 O-O 8. Bc4
Re8 9. Nxc6 bxc6 10. Qf3 Bf8 11. O-O-O Be6 12. Bxe6 Rxe6 13. e5 Rxe5 14. Qxc6 a5
15. g4 h6 16. Bd4 Re6 17. f4 d5 18. Bxf6 Rxf6 19. Qxd5 Rd6 20. Qc4 Qh4 21. Qxc7
Rxd1+ 22. Nxd1 Qg3 23. Qc4 Rd8 24. Rf1 Qxh3 25. g5 Qg2 26. a3 hxg5 27. fxg5
Qxg5+ 28. Kb1 Qd5 29. Qg4 Rb8 30. Qf4 Rb7 31. Qe3 g6 32. Nc3 Qc6 33. Qd4 Qd7 34.
Qe4 Bxa3 35. b3 Bf8 36. Nd5 Bg7 37. Re1 Rb8 38. Ka2 a4 39. b4 Rd8 40. c4 Qh3 41.
Ne7+ Kf8 42. Nxg6+ Kg8 43. Ne7+ Kf8 44. Ng6+ Kg8 45. Ne7+ 1/2-1/2

[Event "FIDE World Rapid Team"]
[Site "Almaty KAZ"]
[Date "2024.08.04"]
[Round "10.41"]
[White "Tokbayev, Anuar"]
[Black "Tregubenko, Nikolay"]
[Result "1/2-1/2"]
[WhiteElo "1880"]
[BlackElo "2023"]
[WhiteTeam "Astana-2"]
[BlackTeam "Rookies"]
[WhiteFideId "13724703"]
[BlackFideId "34358978"]
[EventDate "2024.08.02"]

1. d4 Nf6 2. c4 g6 3. Nf3 Bg7 4. g3 O-O 5. Bg2 d6 6. O-O Bf5 7. Nc3 Ne4 8. Qb3
Nxc3 9. Qxc3 c5 10. Qb3 Be4 11. Rd1 cxd4 12. Nxd4 Bxg2 13. Kxg2 Nc6 14. Be3 Qd7
15. Rac1 Rfc8 16. Qa4 Qg4 17. Nf3 a6 18. b3 h5 19. Rd5 Ne5 20. h3 Qe4 21. Rd4
Qf5 22. Rf4 Qd7 23. Qa5 b5 24. c5 dxc5 25. Rxc5 Rxc5 26. Bxc5 Rc8 27. Qb6 e6 28.
Rd4 Qe8 29. Nxe5 Bxe5 30. Rd3 Qc6+ 31. Qxc6 Rxc6 32. b4 Kg7 33. f4 Bc7 34. Rd7
h4 35. gxh4 Bxf4 36. Kf3 Be5 37. Kg4 a5 38. Rb7 axb4 39. Rxb5 Bf6 40. Bxb4 Rc4+
41. Kf3 Rxh4 42. Kg2 Re4 43. Kf3 Rh4 44. Kg3 Re4 45. Kf2 Bd4+ 46. Kf1 Re3 47. a4
Rxh3 48. a5 Rh1+ 49. Kg2 Ra1 50. Kf3 f5 51. Rb7+ Kg8 52. e3 Be5 53. Re7 g5 54.
Rxe6 g4+ 55. Ke2 g3 56. Kf3 Bc7 57. a6 Ra2 58. e4 Rf2+ 59. Ke3 f4+ 60. Kd3 Ra2
61. Bc5 f3 62. a7 f2 63. Rf6 Kg7 64. Rf5 Kg6 65. Bd4 Ra4 66. Rf8 Ra3+ 67. Ke2
Ra2+ 68. Kd3 Kg5 69. e5 Bxe5 70. Bxe5 Rxa7 71. Bxg3 Ra3+ 72. Ke2 Rxg3 73. Kxf2 1/2-1/2

[Event "FIDE World Rapid Team"]
[Site "Almaty KAZ"]
[Date "2024.08.04"]
[Round "10.42"]
[White "Berikkyzy Alanna"]
[Black "Altynbek, Aiaru"]
[Result "0-1"]
[WhiteTitle "WCM"]
[BlackTitle "WFM"]
[WhiteElo "1869"]
[BlackElo "1990"]
[WhiteTeam "Rookies"]
[BlackTeam "Astana-2"]
[WhiteFideId "13780719"]
[BlackFideId "13752472"]
[EventDate "2024.08.02"]

1. e4 c6 2. Nc3 d5 3. Nf3 dxe4 4. Nxe4 Nf6 5. Qe2 Nxe4 6. Qxe4 Be6 7. b3 Bd5 8.
Qe3 Nd7 9. Bb2 Bxf3 10. Qxf3 Nf6 11. Be2 e6 12. O-O Be7 13. d4 O-O 14. Rad1 Qa5
15. a3 Rad8 16. c4 Rd7 17. Bd3 Rfd8 18. Bc2 Qh5 19. Qxh5 Nxh5 20. Rd3 Bf6 21.
Rfd1 Nf4 22. R3d2 Bxd4 23. Bc1 e5 24. Bf5 Rd6 25. b4 Rf6 26. Bg4 Rfd6 27. c5 Rg6
28. Bf3 Ne6 29. Be4 Rf6 30. Kf1 g5 31. Bb2 Rf4 32. f3 g4 33. g3 Rf6 34. Kg2 h5
35. fxg4 hxg4 36. Bxd4 Nxd4 37. b5 Rb8 38. a4 Kg7 39. b6 axb6 40. cxb6 Ra8 41.
Ra2 Ra5 42. Rdd2 Rd6 43. Kf2 f5 44. Bg2 Kf6 45. Ke3 Ke6 46. h4 gxh3 47. Bxh3 c5
48. g4 Rxb6 49. gxf5+ Kf6 50. Ke4 Rb4 51. Kd5 c4+ 52. Kd6 c3 53. Rg2 c2 54.
Raxc2 Nxc2 55. Rxc2 Rb6+ 56. Kd7 Rc6 57. Rd2 Rxa4 58. Ke8 Rd4 0-1

[Event "FIDE World Rapid Team"]
[Site "Almaty KAZ"]
[Date "2024.08.04"]
[Round "10.43"]
[White "Orozbaev, Eldiyar"]
[Black "Tologon tegin, Semetei"]
[Result "1/2-1/2"]
[WhiteTitle "FM"]
[BlackTitle "IM"]
[WhiteElo "2376"]
[BlackElo "2337"]
[WhiteTeam "Noval Group Kyrgystan"]
[BlackTeam "Kyrgyz Chess Academy"]
[WhiteFideId "13802240"]
[BlackFideId "13800574"]
[EventDate "2024.08.02"]

1. e4 c5 2. c3 d5 3. exd5 Qxd5 4. d4 e6 5. Nf3 Nf6 6. Na3 Nc6 7. Be3 cxd4 8. Nb5
Qd7 9. Nbxd4 a6 10. Nxc6 Qxc6 11. Ne5 Qc7 12. Qa4+ Nd7 13. Nf3 Be7 14. Bd3 O-O
15. Qc2 f5 16. O-O-O Nc5 17. Bxc5 Qxc5 18. Rhe1 Bf6 19. Kb1 b5 20. Nd4 Qb6 21.
g4 b4 22. Qb3 Bxd4 23. cxd4 Kh8 24. gxf5 exf5 25. Re7 Qd6 26. Re3 Bd7 27. Bc4 a5
28. Be6 Rad8 29. Bxd7 Rxd7 30. Qe6 Qxe6 31. Rxe6 Rfd8 32. d5 g6 33. Re5 Kg7 34.
Kc2 Kf6 35. f4 g5 36. Re6+ Kf7 37. fxg5 Rxd5 38. Rf6+ Kg7 39. Rxd5 Rxd5 40. h4
h5 41. Kb3 Rd3+ 42. Kc4 Rd2 43. Rxf5 Rxb2 44. Rxa5 Rh2 45. Kxb4 Rxh4+ 46. Kb3
Rg4 47. a4 h4 48. Rc5 h3 49. Rc1 Rxg5 50. Kb4 h2 51. Rh1 Rg2 52. a5 Ra2 53. Kb5
Kf6 54. a6 Ke5 55. Kb6 Kf4 56. a7 Kg3 57. Rc1 Rb2+ 58. Kc7 Ra2 59. Kb8 Rxa7 60.
Kxa7 Kg2 61. Rc2+ Kg1 62. Rxh2 Kxh2 1/2-1/2

[Event "FIDE World Rapid Team"]
[Site "Almaty KAZ"]
[Date "2024.08.04"]
[Round "10.44"]
[White "Erzhanov, Arman"]
[Black "Zhakshylykov, Erzhan"]
[Result "0-1"]
[WhiteTitle "FM"]
[BlackTitle "FM"]
[WhiteElo "2114"]
[BlackElo "2327"]
[WhiteTeam "Kyrgyz Chess Academy"]
[BlackTeam "Noval Group Kyrgystan"]
[WhiteFideId "4138821"]
[BlackFideId "13804111"]
[EventDate "2024.08.02"]

1. e4 e5 2. Nf3 Nc6 3. Nc3 Nf6 4. d4 Bb4 5. Nxe5 Qe7 6. Qd3 Nxe5 7. dxe5 Qxe5 8.
Bd2 O-O 9. O-O-O d6 10. f4 Qe7 11. Re1 c6 12. Qg3 b5 13. Bd3 Be6 14. Kb1 a5 15.
e5 dxe5 16. fxe5 Bxc3 17. Bxc3 Nd5 18. Bd2 Kh8 19. Bg5 Qb4 20. Kc1 Qg4 21. Qxg4
Bxg4 22. c3 Be6 23. Rhf1 h6 24. Bh4 Ra7 25. Bf2 Rd7 26. Bc5 Rfd8 27. Bf5 Bxf5
28. Rxf5 Re8 29. Ref1 Kg8 30. Bd4 Rc7 31. Rd1 Re6 32. Bc5 Rd7 33. Bd4 a4 34. a3
Rg6 35. Rf2 Rg4 36. g3 Re4 37. Rdd2 Nc7 38. Rde2 Rxe2 39. Rxe2 Ne6 40. Bf2 Rd5
41. h4 h5 42. Re4 Kh7 43. c4 Rd7 44. cxb5 cxb5 45. g4 hxg4 46. Rxg4 Rd5 47. Bg3
Nd4 48. Kb1 Ne2 49. Bf2 Rxe5 50. Kc2 f5 51. Rb4 f4 52. Kd2 Kg6 53. Bd4 Nxd4 54.
Rxd4 Kf5 55. Rd7 Kg4 56. Rxg7+ Kxh4 57. Kd3 f3 58. Kd4 Rf5 59. Rg1 f2 60. Rc1
Kg3 61. Ke4 f1=Q 0-1

[Event "FIDE World Rapid Team"]
[Site "Almaty KAZ"]
[Date "2024.08.04"]
[Round "10.45"]
[White "Sharshenbekov, Emir"]
[Black "Markov, Mikhail KGZ"]
[Result "0-1"]
[WhiteTitle "CM"]
[BlackTitle "IM"]
[WhiteElo "2078"]
[BlackElo "2255"]
[WhiteTeam "Noval Group Kyrgystan"]
[BlackTeam "Kyrgyz Chess Academy"]
[WhiteFideId "13810634"]
[BlackFideId "13800698"]
[EventDate "2024.08.02"]

1. e4 c5 2. Nf3 d6 3. c3 Nf6 4. Be2 e5 5. O-O Nc6 6. d4 cxd4 7. cxd4 Bg4 8. Be3
exd4 9. Nxd4 Bxe2 10. Qxe2 Nxd4 11. Bxd4 Be7 12. Nc3 O-O 13. Rad1 Re8 14. Qb5 b6
15. Rd3 Nd7 16. Qf5 g6 17. Qf4 Ne5 18. Bxe5 dxe5 19. Qd2 Qc8 20. Nd5 Bd8 21. Qh6
f6 22. f4 exf4 23. Nxf4 Qc4 24. Rh3 Re7 25. Nxg6 Rg7 26. e5 b5 27. Rc1 Qe4 28.
Nh4 fxe5 29. Nf3 Bb6+ 30. Kh1 Re8 31. Re1 Qc2 32. Rg3 Rxg3 33. hxg3 e4 34. Qg5+
Kh8 35. Qxb5 Re6 36. Qf5 Rh6+ 37. Nh4 Qf2 38. Qe5+ Rf6 39. Qxe4 Qxg3 40. Qe8+
Kg7 41. Qe7+ Kg8 42. Qxf6 Qxe1+ 43. Kh2 Bc7+ 0-1

[Event "FIDE World Rapid Team"]
[Site "Almaty KAZ"]
[Date "2024.08.04"]
[Round "10.46"]
[White "Zheenbekov, Nurgazy"]
[Black "Iunusov, Nuriddin"]
[Result "0-1"]
[BlackTitle "CM"]
[WhiteElo "2124"]
[BlackElo "1925"]
[WhiteTeam "Kyrgyz Chess Academy"]
[BlackTeam "Noval Group Kyrgystan"]
[WhiteFideId "13800485"]
[BlackFideId "13803026"]
[EventDate "2024.08.02"]

1. e4 e5 2. Nf3 Nc6 3. g3 Nf6 4. d3 d5 5. exd5 Nxd5 6. Bg2 Bg4 7. O-O Qd7 8. Nc3
Nxc3 9. bxc3 Bh3 10. Qe2 Bxg2 11. Kxg2 O-O-O 12. Rb1 f6 13. Be3 g5 14. Rb3 a6
15. c4 h5 16. Nd2 Be7 17. Ne4 f5 18. Nxg5 f4 19. gxf4 exf4 20. Bxf4 Nd4 21. Qe4
Nxb3 22. axb3 Qg4+ 23. Kh1 Bxg5 24. Bxg5 Qxg5 25. Rg1 Qf6 26. f3 Rdf8 27. Rf1 h4
28. Qg4+ Kb8 29. b4 Rhg8 30. Qh3 Qf4 31. b5 axb5 32. cxb5 Re8 33. b6 cxb6 34.
Rb1 Re3 35. Rf1 Rf8 36. Kg2 Re2+ 37. Kh1 Rg8 38. c4 Rd2 39. c5 bxc5 40. Rb1
Rxh2+ 41. Qxh2 0-1

[Event "FIDE World Rapid Team"]
[Site "Almaty KAZ"]
[Date "2024.08.04"]
[Round "10.47"]
[White "Lesbekova, Assel"]
[Black "Samaganova, Aleksandra"]
[Result "0-1"]
[WhiteTitle "WCM"]
[BlackTitle "WFM"]
[WhiteElo "1903"]
[BlackElo "1948"]
[WhiteTeam "Noval Group Kyrgystan"]
[BlackTeam "Kyrgyz Chess Academy"]
[WhiteFideId "13713248"]
[BlackFideId "13800221"]
[EventDate "2024.08.02"]

1. e4 c5 2. Nf3 e6 3. d4 cxd4 4. Nxd4 a6 5. Bd3 Qc7 6. O-O Nf6 7. Qe2 d6 8. c4
Nbd7 9. f4 Be7 10. Nc3 b6 11. f5 Ne5 12. Kh1 O-O 13. Be3 Nfg4 14. fxe6 fxe6 15.
Rxf8+ Bxf8 16. Bg1 Nxd3 17. Qxd3 Ne5 18. Qh3 Nxc4 19. b3 Ne5 20. Nxe6 Qf7 21.
Ng5 Qg6 22. Qe3 Ng4 23. Qd2 Bb7 24. Re1 Be7 25. Nh3 Rc8 26. Nf4 Qh6 27. Ncd5 Bg5
28. Rc1 Rf8 29. Rf1 Kh8 30. g3 Re8 31. Qe2 Nf6 32. Qf3 Nxe4 33. Re1 Nf6 34.
Rxe8+ Nxe8 35. Bd4 Nf6 36. Bxf6 Qxf6 37. Kg1 Qd4+ 38. Qf2 Qd1+ 39. Qf1 Qd4+ 40.
Qf2 Qa1+ 41. Qf1 Qe5 42. Qd3 Qe1+ 43. Qf1 Qe4 44. h4 Bd8 45. Nc3 Qe3+ 46. Kh2
Qxc3 47. Ne2 Qf3 48. Qxf3 Bxf3 49. Nd4 Be4 0-1

[Event "FIDE World Rapid Team"]
[Site "Almaty KAZ"]
[Date "2024.08.04"]
[Round "10.48"]
[White "Tynybekov, Bakyt"]
[Black "Nurdin Uulu, Sardarbek"]
[Result "1-0"]
[WhiteElo "1795"]
[BlackElo "1908"]
[WhiteTeam "Kyrgyz Chess Academy"]
[BlackTeam "Noval Group Kyrgystan"]
[WhiteFideId "13803360"]
[BlackFideId "13800183"]
[EventDate "2024.08.02"]

1. b3 d5 2. Bb2 Bg4 3. f4 e6 4. g3 h5 5. Bg2 Nf6 6. Nf3 h4 7. Ne5 hxg3 8. hxg3
Rxh1+ 9. Bxh1 Nbd7 10. Nxg4 Nxg4 11. e4 Ngf6 12. exd5 exd5 13. Qe2+ Qe7 14. Nc3
c6 15. Kf2 Qxe2+ 16. Nxe2 Bc5+ 17. Bd4 O-O-O 18. d3 Re8 19. Bxc5 Nxc5 20. Bf3
Rh8 21. g4 Ne6 22. Kg3 Kc7 23. Rh1 Rxh1 24. Bxh1 Kb6 25. c3 a5 26. g5 Nd7 27. d4
Nc7 28. c4 dxc4 29. bxc4 a4 30. a3 Ka5 31. Be4 Nb6 32. Bd3 Ne6 33. Kg4 Nd7 34.
Be4 Nb6 35. Bd3 Nd7 36. f5 Nc7 37. Nc3 b5 38. Be4 Nb8 39. cxb5 Nxb5 40. Nxb5
cxb5 41. Bd5 f6 42. gxf6 gxf6 43. Kh5 Kb6 44. Kg6 Nd7 45. Kf7 Kc7 46. Ke7 Nb6
47. Ba2 b4 48. axb4 a3 49. Kxf6 Kd6 50. Kg7 Na4 51. f6 Nc3 52. f7 Nxa2 53. f8=Q+ 1-0

[Event "FIDE World Rapid Team"]
[Site "Almaty KAZ"]
[Date "2024.08.04"]
[Round "10.1"]
[White "Sychev, Klementy"]
[Black "Kozganbay, Erkin"]
[Result "1/2-1/2"]
[WhiteTitle "GM"]
[BlackTitle "FM"]
[WhiteElo "2531"]
[BlackElo "2293"]
[WhiteTeam "World Champions Higher School"]
[BlackTeam "Chess Ratel"]
[WhiteFideId "4114060"]
[BlackFideId "13703773"]
[EventDate "2024.08.02"]

1. e4 c5 2. Nf3 Nc6 3. d4 cxd4 4. Nxd4 e5 5. Nb5 a6 6. Nd6+ Bxd6 7. Qxd6 Qf6 8.
Qd2 Qg6 9. Nc3 Nge7 10. b3 d5 11. Qg5 d4 12. Qxg6 hxg6 13. Na4 f5 14. Nb6 Rb8
15. Ba3 fxe4 16. Bd6 Bg4 17. Bxb8 Nxb8 18. Nc4 Bf5 19. Nxe5 Nbc6 20. Nxc6 Nxc6
21. O-O-O Ke7 22. Bc4 Kd6 23. Kb2 b5 24. Be2 Ke5 25. a3 Ne7 26. f3 e3 27. f4+
Kxf4 28. Rxd4+ Ke5 29. Rdd1 Be4 30. Bd3 Bxg2 31. Rhe1 Kf4 32. Rxe3 Kxe3 33. Re1+
Kf4 34. Rxe7 g5 35. Rf7+ Ke3 36. Rxg7 Kf4 37. Rf7+ Ke3 38. Rf6 Bf3 39. Re6+ Kf4
40. Rf6+ Ke3 41. Re6+ Kf4 42. Rf6+ Ke3 43. Re6+ Kf2 44. Rg6 g4 45. Bf5 Rh4 46.
a4 bxa4 47. Rxa6 axb3 48. Kxb3 Rxh2 49. Bxg4 Bxg4 50. c4 Ke3 51. Rd6 Ke4 52. Rd8
Ke5 53. Kb4 Be6 54. Rd1 Rc2 55. Re1+ Kd6 56. c5+ Kd7 57. Re3 Bd5 58. c6+ Rxc6
59. Rc3 Rh6 60. Kc5 Bc6 61. Rg3 Rh5+ 62. Kd4 Kc7 63. Re3 Kd6 64. Rg3 Rh4+ 65.
Ke3 Bd5 66. Rg7 Kc5 67. Rc7+ Bc6 68. Rc8 Re4+ 69. Kd3 Re7 70. Kc3 Re3+ 71. Kd2
Rh3 72. Kc2 Kb5 73. Kd2 Bd5 74. Rc3 Rh4 75. Rc8 Bc4 76. Kc3 Be6 77. Re8 Re4 78.
Kd3 Re1 79. Kd4 Kc6 80. Rh8 Kd6 81. Rd8+ Bd7 82. Kc3 Re4 83. Kd3 Rh4 84. Kc3 Kc6
85. Kd3 Be6 86. Ke3 Bd5 87. Kd3 Kc5 88. Rc8+ Bc6 89. Kc3 Rh3+ 90. Kc2 Kd5 91.
Kb2 Rg3 92. Rc7 Bb5 93. Rc3 Bd3 94. Rc8 Bc4 95. Kc2 Kd4 96. Rd8+ Bd5 97. Kd2
Rg2+ 98. Kd1 Rh2 99. Rd7 Ke4 100. Kc1 Kd4 101. Kd1 Ke4 102. Kc1 Bc4 103. Rd2 Rh8
104. Kc2 Rc8 105. Rd6 Ke5 106. Rh6 Bd5+ 107. Kd2 Kd4 108. Rd6 Ra8 109. Rd7 Ra2+
110. Kd1 Ke4 111. Kc1 Rh2 112. Rd8 Rh5 113. Kd2 Kd4 114. Rd7 Rh3 115. Rd8 Rd3+
116. Kc2 Ke3 117. Rh8 Rd4 118. Rh3+ Bf3 119. Kc3 Rd5 120. Kc4 Rh5 121. Rxh5 Bxh5 1/2-1/2

[Event "FIDE World Rapid Team"]
[Site "Almaty KAZ"]
[Date "2024.08.04"]
[Round "10.2"]
[White "Kassimov, Baurzhan"]
[Black "Shubin, Kirill"]
[Result "0-1"]
[WhiteTitle "IM"]
[BlackTitle "IM"]
[WhiteElo "2260"]
[BlackElo "2459"]
[WhiteTeam "Chess Ratel"]
[BlackTeam "World Champions Higher School"]
[WhiteFideId "13704800"]
[BlackFideId "34119962"]
[EventDate "2024.08.02"]

1. e4 e6 2. Qe2 c5 3. Nf3 Nc6 4. g3 g6 5. Bg2 Bg7 6. O-O Nge7 7. c3 e5 8. Na3
O-O 9. Nc2 d6 10. Rd1 f5 11. d3 h6 12. b4 cxb4 13. cxb4 a6 14. Bb2 Qb6 15. Bc3
Be6 16. a4 Rac8 17. a5 Qc7 18. Na3 Nxa5 19. Bxe5 dxe5 20. bxa5 fxe4 21. Qxe4 Bd5
22. Qe2 Bxf3 23. Bxf3 e4 24. Bg4 Bxa1 25. Bxc8 Bd4 26. Be6+ Kh7 27. Qxe4 Qc5 28.
Nc4 Rxf2 29. Kh1 Qh5 0-1

[Event "FIDE World Rapid Team"]
[Site "Almaty KAZ"]
[Date "2024.08.04"]
[Round "10.3"]
[White "Faizrakhmanov, Ramil"]
[Black "Nukin, Askhat"]
[Result "1-0"]
[WhiteTitle "IM"]
[BlackTitle "FM"]
[WhiteElo "2424"]
[BlackElo "2268"]
[WhiteTeam "World Champions Higher School"]
[BlackTeam "Chess Ratel"]
[WhiteFideId "24103209"]
[BlackFideId "13703625"]
[EventDate "2024.08.02"]

1. d4 f5 2. g3 Nf6 3. Bg2 e6 4. Nf3 d5 5. O-O c6 6. c4 Bd6 7. Qc2 O-O 8. Nc3 Qe7
9. Rb1 Bd7 10. c5 Bc7 11. b4 a6 12. a4 Ne4 13. Bf4 Bxf4 14. gxf4 Nxc3 15. Qxc3
Be8 16. Kh1 Nd7 17. Rg1 Bh5 18. b5 axb5 19. axb5 Bxf3 20. Bxf3 Ra7 21. Ra1 Rfa8
22. Rxa7 Rxa7 23. Ra1 Rxa1+ 24. Qxa1 cxb5 25. Qa8+ Nf8 26. e3 Qc7 27. Be2 b4 28.
Qa4 Kf7 29. Qxb4 Nd7 30. Qa4 Nf6 31. Qa8 h6 32. Qa7 Qc6 33. Qb8 Ne8 34. Qd8 g6
35. Qa5 Nc7 36. Kg2 g5 37. fxg5 hxg5 38. h3 Kf6 39. Qa7 e5 40. Qb8 exd4 41. Qh8+
Ke6 42. exd4 Ne8 43. Qe5+ Kd7 44. Qxf5+ Kc7 45. Qe5+ Kd8 46. Qxg5+ Kc7 47. Bf3
Nf6 48. Qe5+ Kd7 49. h4 b6 50. cxb6 Qxb6 51. Bxd5 Qc7 1-0

[Event "FIDE World Rapid Team"]
[Site "Almaty KAZ"]
[Date "2024.08.04"]
[Round "10.5"]
[White "Serikbay, Assel"]
[Black "Momyn, Madina"]
[Result "1-0"]
[WhiteTitle "WIM"]
[WhiteElo "2237"]
[BlackElo "1733"]
[WhiteTeam "World Champions Higher School"]
[BlackTeam "Chess Ratel"]
[WhiteFideId "13706799"]
[BlackFideId "13748866"]
[EventDate "2024.08.02"]

1. d4 Nf6 2. c4 d6 3. Nc3 g6 4. e4 Bg7 5. Nf3 Nbd7 6. g3 c5 7. Bg2 O-O 8. O-O
Rb8 9. h3 a6 10. a4 b6 11. Qe2 Ne8 12. Be3 Nc7 13. Rfd1 cxd4 14. Nxd4 Bb7 15. f4
Qc8 16. Rac1 Rd8 17. b4 Nf6 18. Nd5 Nfxd5 19. cxd5 Qd7 20. Nc6 Bxc6 21. Rxc6 b5
22. Rdc1 Ne8 23. a5 Ra8 24. Bb6 Rdc8 25. e5 e6 26. Qc2 Rcb8 27. dxe6 Qxe6 28.
exd6 Nxd6 29. Rd1 Bf8 30. Qd3 Rc8 31. Rxd6 Bxd6 32. Bxa8 Bxb4 33. Bg2 Bf8 34.
Kh2 Re8 35. Bd5 Qc8 36. Bd4 b4 37. Be5 Qc5 38. Rd2 Qxa5 39. Qc4 Re7 40. Ra2 Qb6
41. Qxa6 Qe3 42. Qf6 1-0